2022人口五千万以上省区 扫雷 - Provinces with population >50M sudden death - Statistics

General Stats
  • This quiz has been taken 355 times
  • The average score is 7 of 11
Answers on the Grid
Answers color-coded by a green-red scale on the quiz's grid according to % correct below.
广东
山东
河南
江苏
四川
河北
湖南
浙江
安徽
湖北
广西
云南
江西
辽宁
福建
陕西
贵州
山西
重庆
黑龙江
新疆
甘肃
上海
内蒙古
吉林
台湾
北京
天津
海南
香港
宁夏
青海
西藏
澳门
 
Answer Stats
Answer % Correct
12657 广东
83%
10163 山东
76%
9872 河南
70%
8515 江苏
69%
8374 四川
68%
7420 河北
65%
6577 浙江
62%
5844 湖北
58%
6604 湖南
53%
6127 安徽
51%
5047 广西
23%
No matching quizzes found
Score Distribution
Percent of People with Each Score
Percentile by Number Answered
Your Score History
You have not taken this quiz